Combating micronutrient deficiencies : (Record no. 11303)
[ view plain ]
| 000 -LEADER | |
|---|---|
| fixed length control field | 00969cam a22002774a 4500 |
| 020 ## - INTERNATIONAL STANDARD BOOK NUMBER | |
| ISBN | 9781845937140 (alk. paper) |
| 020 ## - INTERNATIONAL STANDARD BOOK NUMBER | |
| ISBN | 1845937147 (alk. paper) |
| 020 ## - INTERNATIONAL STANDARD BOOK NUMBER | |
| ISBN | 9789251065464 (FAO) |
| 020 ## - INTERNATIONAL STANDARD BOOK NUMBER | |
| ISBN | 9251065462 (FAO) |
| 040 ## - CATALOGING SOURCE | |
| Transcribing agency | DLC |
| 082 ## - DEWEY DECIMAL CLASSIFICATION NUMBER | |
| Classification number | 362 CAB 2011 |
| 245 00 - TITLE STATEMENT | |
| Title | Combating micronutrient deficiencies : |
| Remainder of title | food-based approaches / |
| 260 ## - PUBLICATION, DISTRIBUTION, ETC. (IMPRINT) | |
| Place of publication | Rome, Italy : |
| Name of publisher | Food and Agriculture Organization of the United Nations ; |
| Place of publication | Wallingford, Oxfordshire ; |
| -- | Cambridge, MA : |
| Name of publisher | CAB International, |
| Year of publication | c2011. |
| 300 ## - PHYSICAL DESCRIPTION | |
| Number of Pages | xxxii, 397 p. : |
| Other physical details | ill. ; |
| Dimensions | 25 cm. |
| 650 #0 - SUBJECT ADDED ENTRY--TOPICAL TERM | |
| Topical Term | Malnutrition |
| 650 #0 - SUBJECT ADDED ENTRY--TOPICAL TERM | |
| Topical Term | Trace elements in nutrition. |
| 650 #0 - SUBJECT ADDED ENTRY--TOPICAL TERM | |
| Topical Term | Enriched foods. |
| 650 12 - SUBJECT ADDED ENTRY--TOPICAL TERM | |
| Topical Term | Nutrition Disorders |
| 650 22 - SUBJECT ADDED ENTRY--TOPICAL TERM | |
| Topical Term | Micronutrients. |
| 650 22 - SUBJECT ADDED ENTRY--TOPICAL TERM | |
| Topical Term | Nutritional Physiological Phenomena. |
| 700 1# - ADDED ENTRY--PERSONAL NAME | |
| Personal name | Thompson, Brian, |
| 700 1# - ADDED ENTRY--PERSONAL NAME | |
| Personal name | Amoroso, Leslie, |
| 710 2# - ADDED ENTRY--CORPORATE NAME | |
| Corporate name or jurisdiction name as entry element | Food and Agriculture Organization of the United Nations. |
| 710 2# - ADDED ENTRY--CORPORATE NAME | |
| Corporate name or jurisdiction name as entry element | C.A.B. International. |
| 942 ## - ADDED ENTRY ELEMENTS (KOHA) | |
| Koha item type | សៀវភៅភាសាអង់គ្លេស |
No items available.